Los muchachos de la calle pal / (Registro nro. 9306)

Detalles MARC
000 -LIDER
fixed length control field 00708nam a22002417a 4500
003 - IDENTIFICACDOR DE NÚMERO DE CONTROL
control field DO-SdBNP
005 - DATE AND TIME OF LATEST TRANSACTION
control field 20180223141117.0
008 - ELEMENTOS DE LONGITUD FIJA
fixed length control field 160318b 1975 sp00| 0 spa d
020 ## - ISBN
International Standard Book Number 8474040078
040 ## - FUENTE DE CATALOGACIÓN
Agencia que crea de manera original el registro BPMSU
Idioma de catalogación spa
Agencia que realiza la transcripción BPMSU
082 #4 - NÚMERO DE CLASIFICACIÓN DECIMAL DE DEWEY
Classification number xxxxx
Item number xxxxx
092 ## - LOCALLY ASSIGNED DEWEY DECIMAL CALL NUMBER
Número de clasificación xxxxxxxxx
Número de ítem (Cutter) xxxxxxxxx
100 1# - ASIENTO PRINCIPAL -- NOMBRE PERSONAL
Nombre personal Molnár, Ferenc
245 14 - MENCIÓN DE TITULO
Título Los muchachos de la calle pal /
Mención de responsabilidad Ferenc Molnar ; traductor José Félix
260 ## - PUBLICACIÓN, DISTRIBUCIÓN, ETC. (PIE DE IMPRENTA)
Lugar de publicación, distribución, etc Madrid :
Nombre del editor, distribuidor, etc. Edival,
Fecha de publicación, distribución, etc 1975.
300 ## - DESCRIPCIÓN FÍSICA
Extensión 171 p. :
Otros detalles físicos il. ;
Dimensiones 25 cm.
490 1# - MENCIÓN DE SERIES
Mención de serie Clásicos de la juventud
700 12 - ASIENTO SECUNDARIO -- NOMBRE PERSONAL
Nombre personal Félix, José,
Mención de responsabilidad tr.
830 #0 - ASIENTO SECUNDARIO DE SERIE--TÍTULO UNIFORME
Título uniforme Clásicos de la juventud
942 ## - ADDED ENTRY ELEMENTS (KOHA)
Source of classification or shelving scheme Dewey Decimal Classification
Koha item type Libros
945 ## - INFORMACIÓN DE PROCESAMIENTO LOCAL
Información de procesamiento local Inventariado, 2018 / BT
956 ## - LOCAL ELECTRONIC LOCATION AND ACCESS (OCLC)
Nombre de host BTAVAREZ
Número de acceso 10
Trayectoria 20160318
Nombre Electrónico BPMSU
Procesador de solicitud 0038
Existencias
Withdrawn status Lost status Source of classification or shelving scheme Damaged status Not for loan Collection code Home library Current library Date acquired Source of acquisition Total Checkouts Full call number Barcode Date last seen Price effective from Koha item type
    Dewey Decimal Classification     Colección Infantil General Biblioteca Pública Metropolitana Salomé Ureña Biblioteca Pública Metropolitana Salomé Ureña 03/18/2016 FUNDI   xxxxx xxxxx BPMSU16030186 03/18/2016 03/18/2016 Libros